|
|
|
|
| LEADER |
01240nam a2200205 a 4500 |
| 001 |
00021377 |
| 003 |
BD-DhAAL |
| 008 |
100731s2010 bg l000 0 ben |
| 999 |
|
|
|c 10865
|d 10865
|
| 040 |
|
|
|a DB-DhAAL
|c DB-DhAAL
|
| 082 |
0 |
0 |
|a 330.09549205
|2 22
|
| 245 |
1 |
0 |
|a বাংলাদেশ অর্থনৈতিক সমীক্ষা ২০১০
|
| 260 |
|
|
|a ঢাকা :
|b গণপ্রজাতন্ত্রী বাংলাদেশ সরকার,
|c ২০১০.
|
| 300 |
|
|
|a xvi, ২৯৯ পৃষ্ঠা :
|c ২৮ সে.মি.
|
| 541 |
1 |
|
|e 00021377
|
| 651 |
|
|
|a Bangladesh
|x Economic Condition
|x Periodicals
|9 6023
|
| 710 |
2 |
|
|a গণপ্রজাতন্ত্রী বাংলাদেশ সরকার
|b অর্থনৈতিক উপদেষ্টা অনুবিভাগ, অর্থ বিভাগ, অর্থ মন্ত্রণালয়
|9 6022
|
| 852 |
4 |
|
|a Ayesha Abed Library
|j General Shelf.
|
| 942 |
|
|
|2 ddc
|c BK
|
| 952 |
|
|
|0 0
|1 0
|2 ddc
|4 0
|6 330_095492050000000_BAN
|7 0
|9 16517
|a BRACUL
|b BRACUL
|c GEN
|d 2011-05-19
|l 1
|m 6
|o 330.09549205 BAN
|p 3010021377
|r 2012-08-29
|s 2012-07-23
|t 1
|w 2011-05-19
|y BK
|x Koha Inventory 2020 ; Koha Inventory 2020 ; Previously missing book recovered on 10 August 2025
|